| 000 | 00692nam a2200181 i 4500 | ||
|---|---|---|---|
| 001 | 185668 | ||
| 003 | ES-MaACL | ||
| 005 | 20250929063305.0 | ||
| 008 | 160802s1887 sp |||| | spa d | ||
| 100 | 1 |
_aSánchez, Tomás, _d1550-1610 _9133050 |
|
| 245 | 1 | 0 |
_aMoral jesuítica _b: o sea Controversias del santo Sacramento del Matrimonio / _csu autor, Tomás Sánchez (El Cordobés)... ; traducción del latín. |
| 246 | 3 | 0 | _aControversias del santo Sacramento del Matrimonio |
| 260 |
_aMadrid : _bTomás Rey, _c1887. |
||
| 300 |
_a216 p. ; _c23 cm. |
||
| 650 | 4 |
_aMatrimonio- _xAspectos religiosos- _xCristianismo. _9162990 |
|
| 852 |
_aES-MaACL _jG-5946 |
||
| 999 |
_c185668 _d185668 |
||